00947nam a22002777a 45000010005000000030006000050050017000110080041000280200018000690400029000870500013001160820008001291000018001372450083001552500044002382600037002823000059003194900020003785050008003985200145004065210020005515210020005716500023005916500025006147000030006397476FISKH20250718142646.0250718b cb ||||| |||| 00| 0 eng d a9780590457828 aFISKHbengcFISKHdFISKH aPZ7.T3 P a813 aThaler, Mike  aThe principal from the black lagoon / cby Mike Thaler : pictures by Jared Lee aFirst Scholastic printing, January 1993 aNew York: bScholastic , c1993. a32 unnumbered pages : bcolor illustrations ;c20 cm.  aBlack Lagoonv2 aF  aOn the third day of school, a young boy is sent to the principal's office and thinks about all the horrifying rumors he has heard about her.8 a330 bLexile 8 aF bRaz-Plus  aPrincipalvFiction aSchool lifevFiction aLee, Jared eIllustrator